000 01638nam a2200493 i 4500
001 38512
003 KOSZ 005
005 20210701115449.0
008 991005s1999 pl a f f |000 0 pol
015 _aUWD 1999/15364
020 _a8320424100
035 _a991011512169705066
035 _a(PL-WaBN)b13131011-48omnis_nlop
035 _ab13131011
035 _a(OCoLC)749316549
035 _a(PL)b0000001313101
035 _a(EXLNZ-48OMNIS_NETWORK)9910257739705606
040 _aWA N
_cWA N
_dKOSZ 005/HR
041 0 _apol
080 _a543.062
080 _a(075.8)
100 1 _aCygański, Andrzej
_d(1927-2012)
_eAutor
245 1 0 _aChemiczne metody analizy ilościowej /
_cAndrzej Cygański.
250 _aWyd. 5 rozsz.
260 _aWarszawa :
_bWydawnictwa Naukowo-Techniczne,
_c1999.
300 _a551 s. :
_brys., wykr. ;
_c21 cm.
336 _aTekst
_btxt
_2rdacontent
337 _aBez urządzenia pośredniczącego
_bn
_2rdamedia
338 _aWolumin
_bnc
_2rdacarrier
380 _aKsiążki
380 _aPublikacje dydaktyczne
385 _mPoziom nauczania
_aSzkoły wyższe
388 _a1901-2000
388 _a1989-2000
504 _aBibliogr. s. 534-538.
521 8 _aPodręcznik dla studentów wydz. chemii, farmacji i medycyny.
650 7 _aChemiczna analiza ilościowa
_2DBN
655 7 _aPodręczniki akademickie
_2DBN
658 _aChemia
710 2 _aWydawnictwa Naukowo-Techniczne
_4pbl
856 _uhttp://koha.tu.koszalin.pl/cgi-bin/koha/opac-detail.pl?biblionumber=38512
_yKatalog online BPK
942 _2UKD
_cKS
999 _c38512
_d38512